000 00675cam a22002411 4500
999 _c10143
_d10143
001 10143
003 BD-JhCC
005 20180418181210.0
008 180417s1960 maua 000 0 eng
035 _a(BD-JhCC)10143
040 _aDLC
_cDLC
_dDLC
_dBD-JhCC
041 _aeng
050 0 0 _aHJ2306
_b.P19
082 0 0 _a336.2
_bPAR 1960
100 1 _aParkinson, C. Northcote
_q(Cyril Northcote),
_d1909-1993.
245 1 4 _aThe law and the profits /
_cIllustrated by Robert C. Osborn.
260 _aBoston :
_bHoughton Mifflin,
_c1960.
300 _a192 p.
_billus.
_c22 cm.
650 0 _aTaxation.
650 0 _aEnglish wit and humor.
942 _2ddc
_cBK